| 000 | 00426nam a2200133Ia 4500 | ||
|---|---|---|---|
| 008 | 170516s9999 xx 000 0 und d | ||
| 245 | _aImproving Engineered Escherichia coli strains for High-level Biosynthesis of Isobutyrate | ||
| 260 | _bAIMS Bioengineering | ||
| 260 | _c2015 | ||
| 300 | _a:2 | ||
| 650 | _xMedical Technology | ||
| 650 | _xMedtech | ||
| 856 | _uhttp://www.aimspress.com/journal/Bioengineering/2015/2.html | ||
| 999 |
_c330360 _d330360 |
||